000 00688nam a2200205Ia 4500
003 GCL
008 140319s9999 xx 000 0 ara d
020 _a4064313977
040 _aGCL /
_cGCL
082 0 4 _a334.7
_bا ج
100 1 _aاحمد حسن
245 1 0 _aالجمعيات التعاونية كمنظمات شعبية تنموية /
_cاحمد حسن
250 _aالاولى
260 _aالقاهرة :
_bمركز المحروسة للنشر ،
_c2002
300 _a311ص ؛
_c24 سم
650 0 4 _aالجمعيات التعاونية
650 0 4 _aالجمعيات التعاونية الزراعية
650 0 4 _aالبنوك التعاونية
942 _2ddc
_cBK
999 _c5057
_d5057